[Event "EU-ch U14 31st"]
[Site "Mamaia"]
[Date "2023.09.13"]
[Round "8"]
[White "Mompel Ferruz, Xavier"]
[Black "Butolo, Alexandru Mircea"]
[Result "1/2-1/2"]
[WhiteElo "2138"]
[BlackElo "2012"]
[PlyCount "60"]
[EventDate "2023.09.05"]
[EventType "swiss"]
[EventRounds "9"]
[EventCountry "ROU"]
[SourceTitle "EXT 2024"]
[Source "ChessBase"]
[SourceDate "2023.10.10"]
[SourceVersion "1"]
[SourceVersionDate "2023.10.10"]
[SourceQuality "1"]

1. e4 c5 2. Nf3 d6 3. d4 cxd4 4. Nxd4 Nf6 5. Nc3 a6 6. h4 e5 7. Nb3 Be7 8. Bg5 Be6 9. Bxf6 Bxf6 10. g3 Be7 11. Qd3 Nd7 12. 0-0-0 Rc8 13. Nd5 Bxd5 14. Qxd5 Qc7 15. Qd3 0-0 16. Bh3 Rfd8 17. f4 d5 18. exd5 exf4 19. Kb1 Bf6 20. d6 Qb6 21. gxf4 a5 22. Bxd7 Rxd7 23. Qf5 Rcd8 24. Qxa5 Qc6 25. Rh2 Rxd6 26. Rxd6 Rxd6 27. a3 Rd1+ 28. Ka2 h6 29. Qf5 Qc4 30. h5 Rd5 1/2-1/2

[Event "Satu Mare Szabo Memorial IM"]
[Site "Satu Mare"]
[Date "2023.08.16"]
[Round "4"]
[White "Butolo, Alexandru Mircea"]
[Black "Petrisor, Adrian Marian"]
[Result "0-1"]
[WhiteElo "2071"]
[BlackElo "2391"]
[PlyCount "80"]
[EventDate "2023.08.14"]
[EventType "tourn"]
[EventRounds "9"]
[EventCountry "ROU"]
[SourceTitle "CBM 215 Extra"]
[Source "ChessBase"]
[SourceDate "2023.09.30"]
[SourceVersion "1"]
[SourceVersionDate "2023.09.30"]
[SourceQuality "1"]

1. e4 c5 2. Nf3 d6 3. d4 cxd4 4. Nxd4 Nf6 5. Nc3 a6 6. h3 e6 7. g4 h6 8. Bg2 Be7 9. Be3 Nfd7 10. Qe2 Qc7 11. Nb3 b5 12. Rd1 b4 13. Nb1 Ne5 14. c4 g5 15. N1d2 Nbd7 16. Nd4 Bb7 17. 0-0 Nc5 18. Ra1 Ncd3 19. a3 bxa3 20. Rxa3 Nf4 21. Bxf4 gxf4 22. b4 Qb6 23. N4f3 Bf6 24. Rc1 0-0 25. Nxe5 Bxe5 26. Rb3 Qd8 27. Rd3 a5 28. b5 Qc7 29. c5 dxc5 30. g5 hxg5 31. Qg4 Rad8 32. Qxg5+ Bg7 33. Rxd8 Qxd8 34. Qxf4 a4 35. Nc4 Kh7 36. Nd6 Bh6 37. Qe5 Bxc1 38. Nxb7 Qg5 39. Qxc5 Qxc5 40. Nxc5 a3 0-1

[Event "Titled Tuesday intern op 25th Jul Late"]
[Site "Chess.com INT"]
[Date "2023.07.25"]
[Round "10"]
[White "Butolo, Alexandru Mircea"]
[Black "Bueno, Alfeu Varela Jr"]
[Result "0-1"]
[WhiteElo "2005"]
[BlackElo "2135"]
[PlyCount "88"]
[EventDate "2023.07.25"]
[EventType "swiss (blitz)"]
[EventRounds "11"]
[EventCountry "USA"]
[SourceTitle "EXT 2024"]
[Source "ChessBase"]
[SourceDate "2023.10.10"]
[SourceVersion "1"]
[SourceVersionDate "2023.10.10"]
[SourceQuality "1"]

1. e4 e6 2. d4 d5 3. exd5 exd5 4. Bd3 Nc6 5. c3 Bd6 6. Nf3 Bg4 7. 0-0 Qd7 8. Nbd2 h5 9. Qe1+ Nge7 10. Ne5 Nxe5 11. dxe5 Bc5 12. Nb3 Bb6 13. Be3 0-0-0 14. a4 Bf5 15. a5 Bxd3 16. axb6 a6 17. Nc5 Qb5 18. bxc7 Kxc7 19. c4 dxc4 20. e6 Bxf1 21. exf7 Bd3 22. Bf4+ Kb6 23. Qe6+ Nc6 24. Be3 Qxc5 25. Bxc5+ Kxc5 26. Qe3+ Kb5 27. Qg5+ Kb6 28. Qe3+ Kc7 29. Qf4+ Kc8 30. Re1 Rhf8 31. Qf3 Bg6 32. Re6 Rxf7 33. Rxc6+ bxc6 34. Qxc6+ Rc7 35. Qxa6+ Rb7 36. Qc6+ Kb8 37. h3 Bd3 38. Qc5 Rdd7 39. Qxh5 Kc8 40. Qe8+ Kc7 41. Qe5+ Kc6 42. Qe6+ Kc5 43. Qe5+ Rd5 44. Qe7+ Rxe7 0-1

[Event "Titled Tuesday intern op 06th Jun Early"]
[Site "Chess.com INT"]
[Date "2023.06.06"]
[Round "4"]
[White "Szyszylo, Rafal"]
[Black "Butolo, Alexandru Mircea"]
[Result "1/2-1/2"]
[WhiteElo "2074"]
[BlackElo "2002"]
[PlyCount "64"]
[EventDate "2023.06.06"]
[EventType "swiss (blitz)"]
[EventRounds "11"]
[EventCountry "USA"]
[SourceTitle "EXT 2024"]
[Source "ChessBase"]
[SourceDate "2023.10.10"]
[SourceVersion "1"]
[SourceVersionDate "2023.10.10"]
[SourceQuality "1"]

1. e4 c5 2. Nc3 a6 3. g3 b5 4. Bg2 Bb7 5. d3 e6 6. f4 Be7 7. Qg4 Nf6 8. Qxg7 Rg8 9. Qh6 Rg6 10. Qh3 h5 11. Nf3 Nc6 12. Ne5 Qc7 13. Nxg6 fxg6 14. Be3 Nd4 15. 0-0-0 Ng4 16. Bg1 b4 17. Na4 Bc6 18. b3 Bxa4 19. bxa4 Qa5 20. Bxd4 cxd4 21. Bf3 Ne3 22. Kd2 b3+ 23. Ke2 bxc2 24. Rc1 Ba3 25. e5 Bxc1 26. Rxc1 Rb8 27. Qh4 Rb1 28. Qf6 Rxc1 29. Qh8+ Ke7 30. Qf6+ Ke8 31. Qh8+ Ke7 32. Qf6+ Ke8 1/2-1/2

[Event "Titled Tuesday intern op 23rd May Early"]
[Site "Chess.com INT"]
[Date "2023.05.23"]
[Round "4"]
[White "Vila Dupla, Aurelio"]
[Black "Butolo, Alexandru Mircea"]
[Result "0-1"]
[WhiteElo "2030"]
[BlackElo "1999"]
[PlyCount "80"]
[EventDate "2023.05.23"]
[EventType "swiss (blitz)"]
[EventRounds "11"]
[EventCountry "USA"]
[SourceTitle "CBM 214 Extra"]
[Source "ChessBase"]
[SourceDate "2023.07.31"]
[SourceVersion "1"]
[SourceVersionDate "2023.07.31"]
[SourceQuality "1"]

1. Nf3 Nf6 2. d4 d5 3. c4 e6 4. cxd5 exd5 5. Nc3 c6 6. Qc2 g6 7. Bg5 Bf5 8. Qb3 b6 9. Ne5 h6 10. Bxf6 Qxf6 11. Nxd5 cxd5 12. Qxd5 Bb4+ 13. Kd1 0-0 14. Qxa8 Rc8 15. e3 Nc6 16. Qxc8+ Bxc8 17. Rc1 Bb7 18. Nf3 Kg7 19. Bd3 Ne7 20. Ke2 Bxf3+ 21. gxf3 Nf5 22. a3 Bd6 23. Rc6 Nh4 24. Be4 Qe7 25. Rhc1 f5 26. Bd5 f4 27. e4 Qd7 28. e5 Bxe5 29. dxe5 Qxd5 30. Rc7+ Kf8 31. Rc8+ Ke7 32. R1c7+ Ke6 33. Rc6+ Kxe5 34. Re8+ Kf5 35. Rf8+ Kg5 36. Rc3 Nf5 37. h4+ Kxh4 38. Rh8 Nd4+ 39. Kf1 Kg5 40. Rf8 Nxf3 0-1

[Event "Titled Tuesday intern op 25th Apr Early"]
[Site "Chess.com INT"]
[Date "2023.04.25"]
[Round "3"]
[White "Halkias, Stelios"]
[Black "Butolo, Alexandru Mircea"]
[Result "1-0"]
[WhiteElo "2511"]
[BlackElo "2033"]
[PlyCount "83"]
[EventDate "2023.04.25"]
[EventType "swiss (blitz)"]
[EventRounds "11"]
[EventCountry "USA"]
[SourceTitle "EXT 2024"]
[Source "ChessBase"]
[SourceDate "2023.10.10"]
[SourceVersion "1"]
[SourceVersionDate "2023.10.10"]
[SourceQuality "1"]

1. Nf3 Nf6 2. c4 e6 3. g3 d5 4. d4 Bb4+ 5. Bd2 Be7 6. Bg2 0-0 7. Qc2 c6 8. 0-0 Nbd7 9. Rd1 b6 10. b3 Bb7 11. Nc3 Rc8 12. e4 dxe4 13. Ne5 c5 14. Bf4 Qe8 15. Nxd7 Nxd7 16. Bxe4 Bxe4 17. Nxe4 cxd4 18. Nd6 Bxd6 19. Bxd6 e5 20. Bxf8 Qxf8 21. Qf5 Rd8 22. Re1 f6 23. Rad1 Nc5 24. h4 a5 25. h5 Qf7 26. g4 Ne6 27. a3 Ng5 28. Kg2 Qb7+ 29. f3 Qc6 30. b4 Ne6 31. Qe4 Nf4+ 32. Kg3 Qxc4 33. Rc1 Qa2 34. Rc2 Qxa3 35. bxa5 Qxa5 36. Rec1 Qd5 37. Rc8 Qd7 38. Qa8 Ne6 39. Rxd8+ Nxd8 40. Rc8 Kf7 41. Rxd8 Qe7 42. Qd5+ 1-0

[Event "EU-ch 23rd"]
[Site "Vrnjacka Banja"]
[Date "2023.03.06"]
[Round "4"]
[White "Butolo, Alexandru Mircea"]
[Black "Injac, Teodora"]
[Result "0-1"]
[WhiteElo "2027"]
[BlackElo "2383"]
[PlyCount "67"]
[EventDate "2023.03.03"]
[EventType "swiss"]
[EventRounds "11"]
[EventCountry "SRB"]
[SourceTitle "CBM 213"]
[Source "ChessBase"]
[SourceDate "2023.04.30"]
[SourceVersion "1"]
[SourceVersionDate "2023.04.30"]
[SourceQuality "1"]

1. e4 c5 2. Nf3 d6 3. d4 cxd4 4. Nxd4 Nf6 5. Nc3 Nc6 6. Bg5 e6 7. Bb5 Qb6 8. Be3 Qc7 9. g4 h5 10. g5 Ng4 11. Qe2 a6 12. Bxc6+ bxc6 13. h3 Nxe3 14. Qxe3 e5 15. Nde2 Rb8 16. 0-0-0 Qb6 17. Qxb6 Rxb6 18. Ng3 g6 19. Nf1 Be7 20. Ne3 Be6 21. h4 0-0 22. Rhg1 Kh7 23. Ne2 Rb4 24. f3 f6 25. gxf6 Rxf6 26. Rg3 Rb8 27. Rdg1 d5 28. Ng2 Rbf8 29. Rg5 dxe4 30. fxe4 Rf1+ 31. Rxf1 Rxf1+ 32. Kd2 Bxg5+ 33. hxg5 Rf2 34. Ne3 0-1

[Event "Titled Tuesday intern op 03rd Jan Early"]
[Site "Chess.com INT"]
[Date "2023.01.03"]
[Round "3"]
[White "Butolo, Alexandru Mircea"]
[Black "Remizov, Yaroslav"]
[Result "0-1"]
[WhiteElo "2102"]
[BlackElo "2396"]
[PlyCount "48"]
[EventDate "2023.01.03"]
[EventType "swiss (blitz)"]
[EventRounds "11"]
[EventCountry "USA"]
[SourceTitle "EXT 2024"]
[Source "ChessBase"]
[SourceDate "2023.10.10"]
[SourceVersion "1"]
[SourceVersionDate "2023.10.10"]
[SourceQuality "1"]

1. d4 Nf6 2. c4 b6 3. Nc3 Bb7 4. Nf3 g6 5. g3 Bg7 6. Bg2 0-0 7. 0-0 d6 8. Qc2 Nbd7 9. Nd2 Bxg2 10. Kxg2 c6 11. Nde4 Nxe4 12. Qxe4 Rc8 13. Bg5 Re8 14. Rad1 h6 15. Be3 e5 16. dxe5 Nxe5 17. b3 h5 18. Qc2 Ng4 19. Bf4 d5 20. Qc1 Qf6 21. Na4 Rxe2 22. cxd5 g5 23. Bxg5 Rxf2+ 24. Kg1 Qf3 0-1

[Event "Sitges Sunway op 9th"]
[Site "Sitges"]
[Date "2022.12.16"]
[Round "5"]
[White "Wagh, Suyog"]
[Black "Butolo, Alexandru Mircea"]
[Result "1-0"]
[WhiteElo "2376"]
[BlackElo "2043"]
[PlyCount "63"]
[EventDate "2022.12.12"]
[EventType "swiss"]
[EventRounds "10"]
[EventCountry "ESP"]
[SourceTitle "CBM 211 Extra"]
[Source "ChessBase"]
[SourceDate "2023.01.31"]
[SourceVersion "1"]
[SourceVersionDate "2023.01.31"]
[SourceQuality "1"]

1. d4 Nf6 2. c4 e6 3. g3 d5 4. Bg2 c6 5. Nd2 Be7 6. Ngf3 0-0 7. 0-0 b6 8. Qc2 Nbd7 9. e4 dxe4 10. Nxe4 Bb7 11. Rd1 Qc8 12. Nc3 Rd8 13. Qe2 Nf8 14. Ne5 c5 15. d5 exd5 16. cxd5 Bd6 17. Nc4 Ng6 18. Bg5 Qf5 19. Bxf6 Qxf6 20. Ne4 Qe7 21. Qh5 Be5 22. d6 Qe8 23. Ng5 Bxg2 24. Qxh7+ Kf8 25. Kxg2 Qc6+ 26. Kg1 Bxd6 27. Rd3 Bc7 28. Rf3 Rd7 29. Re1 Re8 30. Rxe8+ Kxe8 31. Qg8+ Nf8 32. Re3+ 1-0

[Event "Sitges Sunway op 9th"]
[Site "Sitges"]
[Date "2022.12.12"]
[Round "1"]
[White "Butolo, Alexandru Mircea"]
[Black "Baenziger, Fabian"]
[Result "1/2-1/2"]
[WhiteElo "2043"]
[BlackElo "2426"]
[PlyCount "59"]
[EventDate "2022.12.12"]
[EventType "swiss"]
[EventRounds "10"]
[EventCountry "ESP"]
[SourceTitle "CBM 211 Extra"]
[Source "ChessBase"]
[SourceDate "2023.01.31"]
[SourceVersion "1"]
[SourceVersionDate "2023.01.31"]
[SourceQuality "1"]

1. e4 c5 2. Nf3 d6 3. d4 cxd4 4. Nxd4 Nf6 5. Nc3 Nc6 6. Bg5 e6 7. Bb5 Bd7 8. Qd2 Nxd4 9. Bxd7+ Qxd7 10. Qxd4 Be7 11. 0-0-0 Rc8 12. Bxf6 Bxf6 13. Qxd6 Qxd6 14. Rxd6 Bxc3 15. bxc3 Ke7 16. Rhd1 Rc7 17. f4 Rhc8 18. R1d2 Ke8 19. Kb2 Rxc3 20. Rd8+ Rxd8 21. Rxd8+ Kxd8 22. Kxc3 Kc7 23. a4 Kc6 24. Kc4 b6 25. g4 f6 26. h4 e5 27. f5 h6 28. h5 a6 29. Kb4 Kd6 30. Kc4 1/2-1/2